000 00284nam a22001337a 4500
008 181218b xxu||||| |||| 00| 0 eng d
020 _a9780070021129
041 _aeng
080 _23 TH
_a510
100 _a39
101 _aMAT
245 _aCalculus
_cFrank.A
942 _2udc
_cBK
999 _c53377
_d53377